header

Deconstructing feminist psychology (Record no. 191154)

MARC details
000 -LEADER
fixed length control field 01480nam a2200385 a 4500
082 04 - DEWEY DECIMAL CLASSIFICATION NUMBER
Classification number 150/.82
245 00 - TITLE STATEMENT
Title Deconstructing feminist psychology
260 ## - PUBLICATION, DISTRIBUTION, ETC. (IMPRINT)
Place of publication London ;
-- Thousand Oaks, Calif. :
Name of publisher SAGE Publications,
Year of publication 1998.
300 ## - PHYSICAL DESCRIPTION
Number of Pages ix, 211 p.
490 1# - SERIES STATEMENT
Series statement Gender and psychology
505 0# - FORMATTED CONTENTS NOTE
Formatted contents note pt. 1. Towards a deconstruction of feminist psychology -- pt. 2. From deconstruction to reconstruction.
650 #0 - SUBJECT ADDED ENTRY--TOPICAL TERM
Topical Term Feminist psychology.
Topical Term Feminism.
Topical Term Women
700 1# - ADDED ENTRY--PERSONAL NAME
Personal name Burman, Erica.
856 40 - ELECTRONIC LOCATION AND ACCESS
Uniform Resource Identifier http://site.ebrary.com/lib/rucke/Doc?id=10392758

No items available.

© 2026 Rongo University
Contact us: librarian | system librarian | Rongo university